1829 1107 1106 1128 1039 1951 1409 1138 1313 1922 1104 1892 1609 1740 1885 1846 1496 1888 1318 1137 1502 1893 1182 1549 1987 1529 1755 1940 1415 1269 1264 1013 1068 1363 1917 1746 1589 1331 1669 1267 1351 1747 1217 1469 1365 1933 1854 1390 1847 1309 1254 1183 1693 1615 1395 1017 1679 1852 1450 1528 1058 1445 1406 1834 1588 1016 1198 1686 1715 1253 1183 1856 1034 1757 1028 1300 1745 1999 1580 1403 1976 1010 1620 1065 1998 1445 1590 1042 1008 1109 1084 1123 1153 1980 1955 1901 1804 1104 1608 BCNSPRNW ULIB Ver.6.0+V

เปลี่ยนเป็นภาษาไทย

Change to English
 แสดงรายละเอียดบรรณานุกรม
  กลับหน้าหลัก

Brief Record : Get Marc (ISO 2709) : E-mail record : QR code < ปิดหน้าต่าง
LEADER : 00000nam 2200000uu 4500
001    13399123257
003     ULIB
008    140807s||||||||th 000 0 tha d
020    ^a6165001939
020    ^a9786165001939
090    ^aนว^bอ762ห
100 0  ^aอิสย่าห์
245 10 ^aหัวใจใกล้รุ่ง /^cอิสย่าห์
250    ^aพิมพ์ครั้งที่ 1
260    ^aกรุงเทพฯ :^bพิมพ์คำ,^c2554
300    ^a408 หน้า ;^c21 ซม.
490 0  ^aชุดลูกไม้ของพ่อ
650  0 ^aThai fiction
650  4 ^aนวนิยายไทย
945    ^p250^l0^i034555
999    ^aเกษร โพธิ์สุวรรณ
รายการนี้ยังไม่มีแท็ก
คุณยังไม่ได้ล็อกอิน คุณสามารถมีกิจกรรมร่วมกับเว็บไซต์ได้ แต่ต้องล็อกอินก่อน ::
  ล็อกอิน

รายการสื่อสารสนเทศ

ลำดับที่ ประเภท เลขเรียก/บาร์โค้ด สถานที่ สถานะ
1. นวนิยาย
นวนิยาย
นว อ762ห ฉ.1 
  Barcode: 034555
ห้องสมุดวิทยาเขตนครสวรรค์
►นวนิยาย:l:Fiction
บนชั้น
Note:อภินันทนาการโดย อาจารย์จุฑารัตน์ สว่างชัย

รายการใกล้เคียง
    หัวเรื่อง [Thai fiction]
    หัวเรื่อง [นวนิยายไทย]

BibComment


ยังไม่เคยถูกคอมเมนท์

คอมเมนท์ทรัพยากรรายการนี้
  คอมเมนท์: หัวใจใกล้รุ่ง อ..


 Copyright 2026. Bcnsprnw @Library